Datum a čas kvízu
26
Celkem bodů
Celkový počet nahraných bodů na tomto kvízu bez doplňovacích otázek.
9.
Pořadí na kvízu
Konečné umístění týmu na tomto kvízu.
Zaznamenané odpovědi
| # | Otázka | Odpověď | Body | Výsledky |
|---|---|---|---|---|
| 1. | Lele Ceterové, partnerce bojov... | Rocky | 1 | |
| 2. | Které oblečení zakázal severok... | A | 1 | |
| 3. | Minulý týden jsme se dozvěděli... | Iva Pazderková | 0 | |
| 4. | Životní úroveň v Česku se loni... | Lucembursko | 1 | |
| 5. | Minulý týden se v Paříži udělo... | posedmé | 0 | |
| 6. | Po slavných psech a koních při... | 1963 (uznáváme 1960–66) | 0 | |
| 7. | Kocoura na obrázku můžeme znát... | Sylvester | 1 | |
| 8. | Kočku na obrázku nejspíš někdy... | C. Tardar Sauce | 1 | |
| 9. | Neopomeneme ani slavné literár... | Křivonožka (v originálu Crookshanks) | 0 | |
| 10. | Téma slavných koček zakončíme... | Bastet | 0 |